Normal view
MARC view
Entry Corporate Name
001 - CONTROL NUMBER
- control field: 383191
003 - CONTROL NUMBER IDENTIFIER
- control field: OSt
005 - DATE AND TIME OF LATEST TRANSACTION
- control field: 20220927112137.0
008 - FIXED-LENGTH DATA ELEMENTS
- fixed length control field: 220927|| aca||aabn | a|a d
040 ## - CATALOGING SOURCE
- Original cataloging agency: OSt
- Transcribing agency: OSt
110 ## - HEADING--CORPORATE NAME
- Corporate name or jurisdiction name as entry element: "League of Nations. mixd committee on the relation of nutrition to healthe, agriculture and economic policy"
670 ## - SOURCE DATA FOUND
- Source citation: Work cat.: (OSt)699844: "League of Nations. mixd committee on the relation of nutrition to healthe, agriculture and economic policy", Nutrition , 1937
